000 00639nam a2200217Ii 4500
003 JO-AjNU
008 230606s9999||||xx |||||||||||||| ||und||
020 _a0-521-03189-3
040 _aJO-AjNU
_beng
_erda
_cJO-AjNU
041 _aeng
050 1 4 _aQA76.58.F67.1994
100 3 _aFountain.t.j,
_eauthor
_91099
245 0 0 _aparallel computing principles and practice
250 _a1 ed
264 3 1 _aNewyork:CambridgeUniversity Press,1994
300 _a344p
336 _atext
_btxt
_2rdacontent
337 _aunmediated
_bn
_2rdamedia
338 _avolume
_bnc
_2rdacarrier
650 4 _aParallel processing(Electronic computers)
_91100
999 _aE576
_c576
_d576